000 00318nam a2200133Ia 4500
005 20251222143128.0
008 251222s9999||||xx |||||||||||||| ||spa||
020 _a84-283-2439-5
082 _a618.97/H67
100 _aHogstel, Mildred O.
245 0 _aEnfermería Geriátrica:
264 _bParaninfo
942 _cLIB
999 _c11827
_d11827